00342nam a22001097a 4500003000900000005001700009008004100026040003300067245004400100260004500144300004300189LK-CoDNM20240830111512.0240830b |||||||| |||| 00| 0 eng d aLK-CoDNMdLK-CoDNMeLK-CoDNM aThe Encyclopedia Britannica - XVII  aCAMBRIDGEbAT THE UNIVERSITY PRESSc1911 aXIII, 1020P. : ILL . MAP ; 30 CM